HOLLYWOOD, GLI ANNI RUGGENTI DEL CINEMA MUTO (Record n. 107441)

Dettagli MARC
000 -LEADER
fixed length control field 01211agaaa2200277 4500
001 - CONTROL NUMBER
control field 7348
003 - CONTROL NUMBER IDENTIFIER
control field IT-RoPAU
005 - DATE AND TIME OF LATEST TRANSACTION
control field 20220918181258.0
007 - PHYSICAL DESCRIPTION FIXED FIELD--GENERAL INFORMATION
fixed length control field d cvaizq
008 - FIXED-LENGTH DATA ELEMENTS--GENERAL INFORMATION
fixed length control field 50131s9999||||xx ||| | || ||und||
040 ## - CATALOGING SOURCE
Original cataloging agency IT-RoPAU
Transcribing agency IT-RoPAU
041 ## - LANGUAGE CODE
Language code of text/sound track or separate title ITALIANO
100 ## - MAIN ENTRY--PERSONAL NAME
Personal name Brownlow Kevin
Miscellaneous information Codice regista SPICS: 8758
9 (RLIN) 52118
130 ## - MAIN ENTRY--UNIFORM TITLE
Uniform title HOLLYWOOD, GLI ANNI RUGGENTI DEL CINEMA MUTO
9 (RLIN) 52119
245 ## - TITLE STATEMENT
Title HOLLYWOOD, GLI ANNI RUGGENTI DEL CINEMA MUTO
Statement of responsibility, etc. Diretto da: Brownlow Kevin
Name of part/section of a work HOLLYWOOD, GLI ANNI RUGGENTI DEL CINEMA MUTO (Rif. Codice opera principale : 37348)
250 ## - EDITION STATEMENT
Edition statement Edizione Standard
260 ## - PUBLICATION, DISTRIBUTION, ETC. (IMPRINT)
Place of publication, distribution, etc. (USA)
Name of publisher, distributor, etc. THAMES TELEVISION / Distribuzione: RAI
Date of manufacture "1984 (1° ed.: 1984 ; Ed. Lingua Orig.: 1984)"
300 ## - PHYSICAL DESCRIPTION
Extent VHS
Other physical details sonoro, col.
520 ## - SUMMARY, ETC.
Summary, etc. * PIONIERI (I).* CITTA' DEL CINEMA (LA).* CENSURA (LA).* IN GUERRA.* GIOCO RISCHIOSO.* SWANSON E VALENTINO.CINEMA-MUTO DOCUMENTARIO
538 ## - SYSTEM DETAILS NOTE
System details note PAL, STEREO
546 ## - LANGUAGE NOTE
Language note ITALIANO
650 ## - SUBJECT ADDED ENTRY--TOPICAL TERM
Topical term or geographic name as entry element DOCUMENTARIO
Relator term STUDI SUL CINEMA [VHS]
General subdivision Codice MATERIA SPICS: 9959
9 (RLIN) 36889
700 ## - ADDED ENTRY--PERSONAL NAME
Personal name Brownlow Kevin
Relator term (regista)
Miscellaneous information Codice regista SPICS: 8758
9 (RLIN) 52120
700 ## - ADDED ENTRY--PERSONAL NAME
Personal name Gill David
Relator term (soggetto)
Miscellaneous information Codice Soggetto SPICS: 7560
9 (RLIN) 52121
942 ## - ADDED ENTRY ELEMENTS (KOHA)
Koha item type VHS - VIDEO
Source of classification or shelving scheme Dewey Decimal Classification
Dati di copia
Withdrawn status Lost status Damaged status Not for loan Home library Current library Date acquired Total Checkouts Full call number Date last seen Price effective from Koha item type Public note
    Buone Condizioni Not For Loan SPICS-MEDIATECA SPICS-MEDIATECA 31/01/2015   37348 31/01/2015 31/01/2015 VHS - VIDEO Progr. Ins.: 1959 / N.Vol.:2 / Copie: 1 / Pag.: / Copia rara: n.d. / date import: 1.2.2015 / By Epidotti, Trombetti, Vaglietti
CREDITS: SOCIETA' SAN PAOLO Via A.Severo, 58 - ROMA (RM) & PERIODICI SAN PAOLO SRL Via Giotto, 36 MILANO & CISF Via Giotto, 36 MILANO & EDIZIONI SAN PAOLO SRL,  Piazza Soncino, 5 CINISELLO BALSAMO (MI) -- ITALY